000 00340nam a2200133Ia 4500
008 240624s9999 xx 000 0 und d
041 _aeng
082 _a519.50285 SCH
100 _aSCHUMACKER RANDALL E
245 _aLEARNING STATISTICS USING R
260 _c2015
_aLondon
_bSage
300 _axxiii, : 623 : p. : cm. ; 23
365 _c
_b38
999 _c27404
_d27404